[Event "USA m"]
[Site "United States of America"]
[Date "1990.??.??"]
[Round "?"]
[White "Seirawan, Yasser"]
[Black "Spassky, Boris Vasily"]
[Result "1-0"]
[WhiteElo "2595"]
[BlackElo "2560"]
[PlyCount "45"]
[EventDate "1990.??.??"]
[Source "www.chesslib.no"]
[SourceDate "2004.05.04"]

1. d4 b5 2. e4 Bb7 3. Bd3 e6 4. Nf3 a6 5. O-O d6 6. c3 Nd7 7. a4 Ngf6 8. Re1 Be7 9. axb5 axb5 10. Rxa8 Qxa8 11. e5 dxe5 12. dxe5 Nd5 13. Bxb5 Bc6 14. Bxc6 Qxc6 15. Nd4 Qb7 16. Qg4 g6 17. Nd2 c5 18. N4f3 h5 19. Qe4 Qc7 20. Nc4 h4 21. Bg5 Bxg5 22. Nxg5 Rh5 23. Nxe6 1-0

[Event "Cheboksary RUS"]
[Site "?"]
[Date "2006.03.12"]
[Round "11"]
[White "Kharitonov Alexandr"]
[Black "Savchenko Boris"]
[Result "1/2-1/2"]
[WhiteElo "2535"]
[BlackElo "2569"]
[PlyCount "159"]
[EventDate "2006.??.??"]
[Source "www.chesslib.no"]
[SourceDate "2004.05.04"]

1. d4 b5 2. e4 Bb7 3. Bd3 f5 4. Qe2 Nf6 5. Nd2 c5 6. dxc5 Na6 7. Ngf3 fxe4 8. Nxe4 Bxe4 9. Bxe4 Nxe4 10. Qxe4 Nxc5 11. Qh4 e6 12. Qh5+ g6 13. Qe5 Rg8 14. O-O a6 15. Bg5 Qb6 16. Rad1 Bg7 17. Bf6 Bxf6 18. Qxf6 Rf8 19. Qh4 Qd8 20. Qxh7 Qf6 21. Qh6 Rc8 22. c3 Ne4 23. Qe3 d5 24. Nd2 Nc5 25. Nb3 Qf4 26. Nxc5 Qxe3 27. fxe3 Rxc5 28. Rxf8+ Kxf8 29. Rd2 Ke7 30. Kf2 a5 31. Ke2 e5 32. Kd3 Rc4 33. Rf2 Ra4 34. a3 Rh4 35. g3 Rc4 36. b3 Rc8 37. h4 e4+ 38. Kd2 Ke6 39. g4 Rh8 40. Rh2 Kf6 41. Kc2 Rc8 42. Kb2 Ke5 43. h5 b4 44. axb4 axb4 45. hxg6 bxc3+ 46. Kc2 Kf6 47. Rh5 Rc5 48. b4 Rc4 49. Rxd5 Rxb4 50. Kxc3 Rb6 51. g7 Kxg7 52. Re5 Kf6 53. Rxe4 Kg5 54. Rf4 Ra6 55. Kd3 Ra2 56. Ke4 Ra1 57. Rf8 Kxg4 58. Rg8+ Kh5 59. Kf4 Kh6 60. e4 Kh7 61. Rg4 Ra5 62. Rg3 Ra8 63. Ke5 Re8+ 64. Kd5 Rd8+ 65. Kc6 Re8 66. Rg4 Kh6 67. Kd5 Kh5 68. Rg7 Rd8+ 69. Ke6 Re8+ 70. Re7 Rf8 71. Rf7 Rg8 72. Kf6 Rg6+ 73. Ke5 Rg8 74. Kf6 Rg6+ 75. Ke7 Ra6 76. e5 Kg5 77. Rf1 Ra7+ 78. Kf8 Ra8+ 79. Kg7 Re8 80. Rg1+ 1/2-1/2

[Event "Open Acropolis 2008"]
[Site "Atene GRE"]
[Date "2008.08.15"]
[Round "7.7"]
[White "Rakhmanov, Aleksandr"]
[Black "Gelashvili, Tamaz"]
[Result "1/2-1/2"]
[WhiteElo "2489"]
[BlackElo "2612"]
[PlyCount "57"]
[EventDate "2008.08.09"]
[Source "www.chesslib.no"]
[SourceDate "2004.05.04"]

1. d4 b5 2. Bg5 Bb7 3. Nd2 c5 4. e3 Qb6 5. Ngf3 e6 6. c3 d5 7. Bd3 Nd7 8. O-O Ngf6 9. Qe2 c4 10. Bc2 Bd6 11. Bxf6 Nxf6 12. e4 dxe4 13. Nxe4 Nxe4 14. Bxe4 O-O 15. Rae1 Bxe4 16. Qxe4 h6 17. Re3 Qc7 18. Ne5 Bxe5 19. Qxe5 Qxe5 20. Rxe5 Rab8 21. a3 Rfd8 22. Rfe1 Kf8 23. f4 g6 24. g4 Rd5 25. Rxd5 exd5 26. Re5 Rd8 27. g5 hxg5 28. fxg5 Rd6 29. Kf2 1/2-1/2

[Event "Bor"]
[Site "Bor"]
[Date "1983.??.??"]
[Round "9"]
[White "Tukmakov, Vladimir B"]
[Black "Sahovic, Dragutin"]
[Result "1-0"]
[WhiteElo "2590"]
[BlackElo "2475"]
[PlyCount "57"]
[EventDate "1983.10.??"]
[Source "ChessBase"]

1. d4 b5 2. e4 Bb7 3. Bd3 e6 4. Nf3 c5 5. c3 a6 6. O-O Nf6 7. Re1 cxd4 8. cxd4 Be7 9. Nc3 O-O 10. a3 d6 11. Qc2 Nfd7 12. Bf4 Re8 13. Rad1 Nf8 14. Qb3 Bc8 15. Bb1 Nbd7 16. e5 d5 17. g3 Nb6 18. h4 Nc4 19. Bc1 Bd7 20. Ne2 a5 21. Ng5 b4 22. Qf3 Bxg5 23. Bxg5 Qb6 24. Nf4 Nxb2 25. Nh5 Nxd1 26. Nxg7 Qxd4 27. Rxd1 Qc3 28. Qf6 Qb3 29. Rf1 1-0

[Event "Odorheiu Secuiesc zt"]
[Site "Odorheiu Secuiesc"]
[Date "1995.??.??"]
[Round "7"]
[White "Marin, Mihail"]
[Black "Istratescu, Andrei"]
[Result "1/2-1/2"]
[WhiteElo "2540"]
[BlackElo "2505"]
[PlyCount "30"]
[EventDate "1995.03.??"]
[Source "ChessBase"]

1. d4 b5 2. e4 a6 3. Bd3 Bb7 4. Nf3 e6 5. Nbd2 Nf6 6. c3 d6 7. O-O c5 8. Qe2 Qc7 9. a4 c4 10. Bc2 Be7 11. Re1 O-O 12. Nf1 Nbd7 13. Ng3 Rfe8 14. h4 e5 15. d5 g6 1/2-1/2

[Event "300 Years"]
[Site "St Petersburg"]
[Date "2003.10.25"]
[Round "8"]
[White "Vorobiov, Evgeny E"]
[Black "Savchenko, Boris"]
[Result "0-1"]
[WhiteElo "2556"]
[BlackElo "2488"]
[PlyCount "80"]
[EventDate "2003.10.18"]
[Source "Roberto Alvarez"]
[SourceDate "2003.10.27"]

1. d4 b5 2. e4 Bb7 3. Nd2 a6 4. Ngf3 Nf6 5. e5 Nd5 6. c4 bxc4 7. Bxc4 e6 8. O-O Be7 9. Re1 d6 10. Ne4 Nd7 11. Nfg5 dxe5 12. Qh5 g6 13. Qf3 Rf8 14. Nxh7 exd4 15. Neg5 Nc5 16. Nxf8 Bxg5 17. Bxg5 Qxg5 18. Nh7 Qd8 19. Qg4 Nf6 20. Nxf6+ Qxf6 21. b4 Na4 22. Bxe6 Kf8 23. Bc4 Rd8 24. Bd3 Rd5 25. f4 Rh5 26. Rf1 c5 27. Rae1 Nb2 28. Qe2 Qh4 29. h3 Qg3 30. Qe7+ Kg7 31. Qxb7 Rxh3 32. Bxg6 Qh2+ 33. Kf2 Kxg6 34. Qe4+ Kh6 35. Ke2 Na4 36. Kd2 Nc3 37. Qc6+ Kg7 38. Rh1 Qxf4+ 39. Kc2 Qf2+ 40. Kb3 Qxa2# 0-1

[Event "Liepajas Rokade"]
[Site "Liepaya"]
[Date "2004.08.01"]
[Round "13"]
[White "Van Wely, Loek"]
[Black "Zapolskis, Antanas"]
[Result "1-0"]
[WhiteElo "2680"]
[BlackElo "2344"]
[PlyCount "65"]
[EventDate "2004.07.30"]
[SourceDate "2004.08.11"]

1. d4 b5 2. e4 Bb7 3. Bd3 e6 4. Nf3 c5 5. c3 a6 6. O-O d6 7. a4 b4 8. cxb4 cxb4 9. a5 d5 10. e5 Ne7 11. Ng5 h6 12. Nh3 Nbc6 13. Qa4 Bc8 14. Be3 Bd7 15. Qa2 Rb8 16. b3 Ra8 17. Nd2 g6 18. Rfc1 Bg7 19. Nf4 O-O 20. Nf3 Nc8 21. h4 Qc7 22. Bb1 N8e7 23. Qd2 Rfc8 24. Nd3 Nf5 25. Nxb4 Nxe3 26. fxe3 Qb7 27. Nd3 Bf8 28. h5 g5 29. Nc5 Bxc5 30. Rxc5 Qxb3 31. Bc2 Qb4 32. Qd3 Qb2 33. Rb1 1-0

[Event "GMA Baleares Open"]
[Site "Palma de Majorca ESP"]
[Date "1989.??.??"]
[Round "5"]
[White "Palatnik, Semyon"]
[Black "Csom, Istvan"]
[Result "1/2-1/2"]
[WhiteElo "2460"]
[BlackElo "2545"]
[PlyCount "271"]
[EventDate "1989.12.??"]
[Source "www.chesslib.no"]
[SourceDate "2004.05.04"]

1. d4 b5 2. e4 Bb7 3. Bxb5 Bxe4 4. Nf3 e6 5. O-O Nf6 6. c4 Be7 7. Nc3 Bb7 8. Qe2 O-O 9. Rd1 d6 10. d5 c6 11. dxc6 Nxc6 12. Bf4 a6 13. Ba4 Na5 14. c5 d5 15. b4 Nc6 16. Bxc6 Bxc6 17. Nd4 Qc8 18. a4 Bd7 19. Rac1 Qe8 20. c6 Bxc6 21. Nxc6 Qxc6 22. Nxd5 Qxd5 23. Rxd5 Nxd5 24. Bd2 Nxb4 25. g3 Rfb8 26. Bxb4 Bxb4 27. Rc7 Rf8 28. h4 a5 29. h5 h6 30. f4 Rad8 31. Qc4 Rd5 32. g4 Rfd8 33. Rc8 Rxc8 34. Qxc8+ Bf8 35. Qc4 Bc5+ 36. Kg2 g6 37. hxg6 fxg6 38. Qb5 Bb4 39. Qe8+ Kg7 40. Qxe6 Rd6 41. Qe5+ Kg8 42. Kf3 Rd3+ 43. Ke4 Rd1 44. Qb8+ Kg7 45. Qb7+ Kf6 46. Qh7 Re1+ 47. Kd3 Rg1 48. Qh8+ Kf7 49. Qc8 Re1 50. Qc4+ Kg7 51. Qc6 Kf7 52. f5 gxf5 53. gxf5 Rd1+ 54. Ke3 Rd6 55. Qc8 Kg7 56. Ke4 Rf6 57. Qb8 Rf7 58. Qg3+ Kf8 59. Qg6 Re7+ 60. Kf3 Bd2 61. Qf6+ Ke8 62. Qh8+ Kf7 63. f6 Rd7 64. Qg7+ Ke6 65. Qg4+ Kd6 66. Qf5 Rd8 67. Qd3+ Kc7 68. Qc4+ Kb7 69. Qb5+ Kc7 70. Qc5+ Kb7 71. Qe7+ Kc8 72. f7 Bb4 73. Qe6+ Kc7 74. Qxh6 Kb7 75. Ke4 Kc7 76. Qe6 Kb7 77. Qe8 Kc7 78. Ke5 Bc3+ 79. Kf5 Bb4 80. Ke4 Bd6 81. Kd5 Bb4+ 82. Kc4 Rc8 83. Kb5 Rb8+ 84. Ka6 Rd8 85. f8=Q Bxf8 86. Qf7+ Kd6 87. Kxa5 Be7 88. Kb5 Rb8+ 89. Kc4 Rc8+ 90. Kd4 Rc5 91. Qg6+ Kd7 92. Qb6 Rc7 93. Qb5+ Kd8 94. a5 Bc5+ 95. Kd5 Ba7 96. Qb4 Kd7 97. Qg4+ Ke7 98. Qe6+ Kd8 99. a6 Bc5 100. Qg8+ Kd7 101. Qf7+ Kd8 102. Qe6 Ba7 103. Qg8+ Kd7 104. Qf7+ Kd8 105. Qf8+ Kd7 106. Qd6+ Kc8 107. Qe6+ Kd8 108. Qf6+ Kd7 109. Qg7+ Kd8 110. Qg5+ Kd7 111. Qg4+ Ke7 112. Qb4+ Kd8 113. Qa4 Rd7+ 114. Ke6 Re7+ 115. Kf6 Rc7 116. Qa5 Bd4+ 117. Ke6 Bc5 118. Qd2+ Kc8 119. Qb2 Re7+ 120. Kd5 Rc7 121. Qb5 Kd8 122. Ke6 Re7+ 123. Kf6 Rc7 124. Qa4 Ba7 125. Qa5 Bd4+ 126. Kf5 Ba7 127. Qd5+ Ke7 128. Qe6+ Kd8 129. Qd6+ Kc8 130. Qd3 Rc6 131. Ke5 Bb6 132. Kd5 Rc5+ 133. Kd6 Kb8 134. Qh7 Rc7 135. a7+ Kxa7 136. Qxc7+ 1/2-1/2

[Event "GMA Baleares Open"]
[Site "Palma de Majorca ESP"]
[Date "1989.??.??"]
[Round "7"]
[White "Bagirov, Vladimir K"]
[Black "Csom, Istvan"]
[Result "1-0"]
[WhiteElo "2460"]
[BlackElo "2545"]
[PlyCount "71"]
[EventDate "1989.12.??"]
[Source "www.chesslib.no"]
[SourceDate "2004.05.04"]

1. d4 b5 2. e4 Bb7 3. Bd3 e6 4. Qe2 c5 5. dxc5 b4 6. Be3 Qc7 7. Nd2 Bxc5 8. Bxc5 Qxc5 9. Qg4 Kf8 10. Ne2 Nc6 11. O-O Nf6 12. Qg3 Ne5 13. a3 Nh5 14. Qh3 g6 15. Nb3 Qb6 16. axb4 Qxb4 17. Nc3 a5 18. Qe3 Bc6 19. f4 Nxd3 20. Qxd3 Kg7 21. Nd4 Rhb8 22. b3 Qc5 23. Kh1 Rb4 24. Nce2 Nf6 25. e5 Nd5 26. c3 Rbb8 27. Rac1 Bb7 28. Ng3 Ba6 29. c4 Nb4 30. Qe3 Qe7 31. f5 Kg8 32. Ne4 exf5 33. Nf6+ Kg7 34. Rxf5 Nc6 35. Rh5 Rh8 36. Qh6# 1-0

[Event "Baile Herculane zt"]
[Site "Baile Herculane"]
[Date "1982.??.??"]
[Round "5"]
[White "Farago, Ivan"]
[Black "Csom, Istvan"]
[Result "1-0"]
[WhiteElo "2485"]
[BlackElo "2505"]
[PlyCount "72"]
[EventDate "1982.01.??"]
[Source "ChessBase"]

1. d4 b5 2. e4 Bb7 3. Bd3 e6 4. Qe2 a6 5. a4 c5 6. dxc5 b4 7. Be3 Qc7 8. Nd2 Bxc5 9. Bxc5 Qxc5 10. Qg4 Kf8 11. Ngf3 Nf6 12. Qf4 d6 13. Nb3 Qc7 14. e5 Nd5 15. Qg3 dxe5 16. Nxe5 f6 17. Nc4 Nf4 18. Nd4 Bd5 19. Ne3 Qe5 20. Nf3 Nxd3+ 21. cxd3 Qxg3 22. hxg3 Bxf3 23. gxf3 Nd7 24. Rc1 Ke7 25. Rh4 a5 26. Ke2 h6 27. Rhc4 Ra6 28. b3 Rb8 29. Nc2 Rd8 30. Nd4 Ne5 31. Rc7+ Kf8 32. Rc8 Rxc8 33. Rxc8+ Ke7 34. f4 Nd7 35. f5 exf5 36. Nxf5+ Ke6 1-0

[Event "TCh-ROU Superliga"]
[Site "Predeal ROU"]
[Date "2007.10.19"]
[Round "7"]
[White "Gleizerov, E."]
[Black "Ionescu, Co"]
[Result "1-0"]
[WhiteElo "2552"]
[BlackElo "2437"]
[PlyCount "60"]
[EventDate "2007.10.13"]
[Source "www.chesslib.no"]
[SourceDate "2004.05.04"]

1. d4 b5 2. e4 a6 3. Nf3 e6 4. Bd3 Bb7 5. O-O c5 6. c3 Nf6 7. Re1 Be7 8. Bg5 d6 9. a4 c4 10. Bc2 Nbd7 11. Na3 Qb6 12. d5 e5 13. Be3 Nc5 14. Nd2 O-O 15. b4 cxb3 16. Nxb3 Nfd7 17. Rb1 Bc8 18. axb5 axb5 19. Nxb5 Qxb5 20. Nxc5 Qc4 21. Nxd7 Bxd7 22. Rb7 Qc8 23. Qb1 Ra1 24. Qxa1 Qxb7 25. c4 Ra8 26. Qc3 Bd8 27. Rb1 Qc8 28. c5 dxc5 29. Qxe5 Bf6 30. Qf4 h6 1-0

[Event "Sankt_Peterburg (open)"]
[Site "?"]
[Date "1995.??.??"]
[Round "?"]
[White "Malaniuk, V."]
[Black "Alexandria, N."]
[Result "1/2-1/2"]
[WhiteElo "2615"]
[BlackElo "2350"]
[PlyCount "71"]
[EventDate "1995.??.??"]
[Source "ChessBase"]
[SourceDate "1995.02.01"]

1. d4 b5 2. e4 Bb7 3. f3 a6 4. Bg5 h6 5. Bh4 d6 6. Qd2 Nd7 7. Ne2 Ngf6 8. Nc1 c5 9. d5 g6 10. c4 Bg7 11. Na3 O-O 12. Rb1 bxc4 13. Nxc4 a5 14. Nb3 a4 15. Nba5 Ba6 16. Nc6 Qe8 17. Be2 Bb7 18. N6a5 Ba6 19. O-O Nb6 20. b3 Bb5 21. Nxb6 Bxe2 22. Rfe1 Ra6 23. Nxa4 Bb5 24. e5 Nxd5 25. exd6 Bd4+ 26. Bf2 Bxa4 27. Bxd4 cxd4 28. dxe7 Nxe7 29. bxa4 Qxa4 30. Rxe7 Rxa5 31. Qxh6 Qxa2 32. Rbb7 Qc2 33. h4 Qf5 34. Rbd7 Rd5 35. Rxd5 Qxd5 36. Qg5 1/2-1/2

[Event "Reykjavik"]
[Site "Reykjavik"]
[Date "1980.??.??"]
[Round "?"]
[White "Schussler, Harry"]
[Black "Miles, Anthony J"]
[Result "1/2-1/2"]
[WhiteElo "2420"]
[BlackElo "2545"]
[PlyCount "72"]
[EventDate "1980.??.??"]
[Source "www.chesslib.no"]
[SourceDate "2004.05.04"]

1. d4 b5 2. e4 Bb7 3. Bd3 e6 4. Nf3 c5 5. dxc5 Bxc5 6. O-O a6 7. Qe2 Ne7 8. Nbd2 Ng6 9. Nb3 Bb6 10. a4 b4 11. a5 Bc7 12. Nc5 Bc8 13. e5 Qe7 14. Be4 Nc6 15. Bxc6 dxc6 16. Qc4 Qd8 17. Nd3 O-O 18. Qxb4 c5 19. Qe4 Rb8 20. Nxc5 Bxa5 21. c3 Qc7 22. b4 Bb6 23. Be3 a5 24. Bd4 Rd8 25. h4 axb4 26. cxb4 Bxc5 27. Bxc5 Bb7 28. Bd6 Qd7 29. Qg4 Bxf3 30. Qxf3 Rb5 31. Ra8 Rd5 32. Rxd8+ Qxd8 33. h5 Nxe5 34. Bxe5 Rxe5 35. Rd1 Rd5 36. Rxd5 exd5 1/2-1/2

[Event "RUS-Cup03 (Geller mem)"]
[Site "Moscow"]
[Date "1999.02.11"]
[Round "2"]
[White "Vaulin, Alexander"]
[Black "Chepukaitis, Genrikh"]
[Result "1-0"]
[WhiteElo "2547"]
[BlackElo "2415"]
[PlyCount "57"]
[EventDate "1999.02.10"]
[Source "ChessBase"]
[SourceDate "1999.06.08"]

1. d4 b5 2. e4 Bb7 3. Bd3 e6 4. Nf3 Nf6 5. e5 Nd5 6. Bxb5 c5 7. O-O Qb6 8. c4 cxd4 9. Nxd4 Nc7 10. Nc3 Nxb5 11. cxb5 d6 12. Nf3 Nd7 13. Be3 Qc7 14. Rc1 Qb8 15. b6 Bxf3 16. Qxf3 Nxe5 17. Qe2 axb6 18. f4 Nd7 19. f5 e5 20. Nd5 Ra5 21. Nc7+ Kd8 22. b4 Ra7 23. Nb5 d5 24. Nxa7 Qxa7 25. Qb5 d4 26. Bf2 Be7 27. Qd5 Bf6 28. Qxf7 Qb7 29. Rfd1 1-0

[Event "XXIV ECC"]
[Site "Kallithea GRE"]
[Date "2008.10.17"]
[Round "1"]
[White "Pashikian, A."]
[Black "Zapolskis, A."]
[Result "1-0"]
[WhiteElo "2611"]
[BlackElo "2346"]
[PlyCount "81"]
[EventDate "2008.10.17"]
[Source "www.chesslib.no"]
[SourceDate "2004.05.04"]

1. d4 b5 2. e4 Bb7 3. Bxb5 Bxe4 4. Nf3 c6 5. Bd3 Bxf3 6. Qxf3 g6 7. O-O Bg7 8. c3 Nf6 9. Nd2 d5 10. b4 O-O 11. Qe2 Nbd7 12. Nb3 Re8 13. f4 e6 14. Be3 Nb6 15. Na5 Qc7 16. Rac1 Rad8 17. Kh1 Nfd7 18. Qf3 Na4 19. c4 Nb2 20. Be2 Qb6 21. c5 Qc7 22. Rc2 Nc4 23. Bxc4 dxc4 24. Qxc6 Qb8 25. Rxc4 Nf6 26. Qf3 Qb5 27. Qc6 Qb8 28. Qf3 Qb5 29. Bg1 Rd5 30. Qb3 Rb8 31. Qc2 a6 32. Nb3 Rc8 33. Nc1 Qc6 34. Ne2 Rh5 35. a4 Ng4 36. Qb3 Qd5 37. b5 axb5 38. axb5 e5 39. fxe5 Rxc5 40. dxc5 Bxe5 41. Nf4 1-0

[Event "Krynica zt"]
[Site "Krynica"]
[Date "1998.09.02"]
[Round "1"]
[White "Chatalbashev, Boris"]
[Black "Todorov, Todor"]
[Result "1-0"]
[WhiteElo "2535"]
[BlackElo "2420"]
[PlyCount "49"]
[EventDate "1998.09.02"]
[Source "ChessBase"]
[SourceDate "1998.11.30"]

1. d4 b5 2. Bg5 Nf6 3. Nd2 Bb7 4. Ngf3 a6 5. a4 b4 6. c4 e6 7. e4 h6 8. Bxf6 Qxf6 9. Bd3 d6 10. O-O Nd7 11. Re1 e5 12. c5 dxc5 13. dxe5 Nxe5 14. Nxe5 Qxe5 15. Nc4 Qe6 16. Na5 Qb6 17. Nxb7 Qxb7 18. e5 Be7 19. e6 O-O-O 20. exf7 Bf6 21. Qe2 Kb8 22. Bxa6 Qd5 23. Qb5+ Ka7 24. Qa5 Qd6 25. Re6 1-0

[Event "3. Open"]
[Site "?"]
[Date "1999.08.31"]
[Round "5"]
[White "Rausis Igors"]
[Black "Tomescu Vlad"]
[Result "1-0"]
[WhiteElo "2496"]
[BlackElo "2453"]
[PlyCount "73"]
[EventDate "1999.??.??"]
[Source "www.chesslib.no"]
[SourceDate "2004.05.04"]

1. d4 b5 2. Nf3 Bb7 3. c3 e6 4. a4 b4 5. Bg5 Nf6 6. Nbd2 h6 7. Bxf6 Qxf6 8. e4 a5 9. Bd3 Qd8 10. O-O Be7 11. Ne5 d6 12. Nec4 c5 13. dxc5 dxc5 14. Qe2 Nd7 15. e5 O-O 16. Be4 Bd5 17. f4 Nb6 18. Nxb6 Qxb6 19. Bxd5 exd5 20. c4 Rad8 21. b3 d4 22. Rae1 f6 23. exf6 Bxf6 24. Qd3 Rfe8 25. Nf3 Qd6 26. g3 h5 27. Kg2 h4 28. Rxe8+ Rxe8 29. Re1 Rxe1 30. Nxe1 Qe6 31. Nf3 hxg3 32. hxg3 Kf7 33. Kf2 g6 34. Ne1 Qh3 35. Qe4 d3 36. Nf3 Bd4+ 37. Qxd4 1-0

[Event "Zemun"]
[Site "?"]
[Date "1980.06.13"]
[Round "12"]
[White "Vukic Milan"]
[Black "Sahovic Dragutin"]
[Result "1/2-1/2"]
[WhiteElo "2460"]
[BlackElo "2485"]
[PlyCount "61"]
[EventDate "1980.??.??"]
[Source "www.chesslib.no"]
[SourceDate "2004.05.04"]

1. d4 b5 2. e4 Bb7 3. f3 a6 4. Be3 e6 5. Bd3 d6 6. c3 c5 7. a4 c4 8. Bc2 b4 9. b3 cxb3 10. Bxb3 d5 11. exd5 exd5 12. Ne2 Nf6 13. O-O Be7 14. Bg5 a5 15. cxb4 axb4 16. Nd2 Nc6 17. Bc2 Ba6 18. Nb3 h6 19. Be3 O-O 20. Re1 Re8 21. Ng3 Bf8 22. Nf5 Na5 23. Nc5 Nc4 24. Bf2 g6 25. Ng3 Na3 26. Nxa6 Rxe1+ 27. Bxe1 Nxc2 28. Qxc2 Rxa6 29. Ne2 Qe8 30. Kf1 Nd7 31. Qb3 1/2-1/2

[Event "ROM Ch"]
[Site "Bucharest ROM"]
[Date "1994.??.??"]
[Round "11"]
[White "Grigore, George"]
[Black "Istratescu, Andrei"]
[Result "0-1"]
[WhiteElo "2440"]
[BlackElo "2505"]
[PlyCount "42"]
[EventDate "1994.11.??"]
[Source "www.chesslib.no"]
[SourceDate "2004.05.04"]

1. d4 b5 2. e4 a6 3. Bd3 Bb7 4. Nf3 e6 5. Qe2 Nf6 6. Nbd2 d6 7. a4 b4 8. Nc4 a5 9. e5 Nd5 10. Ng5 Nc6 11. Nxh7 Nxd4 12. Qe4 Nf5 13. Nxf8 Kxf8 14. Qg4 dxe5 15. Bxf5 Rh4 16. Nxe5 Rxg4 17. Bxg4 Qd6 18. Nc4 Qc5 19. Be2 Ba6 20. Be3 Qc6 21. b3 Nxe3 0-1

[Event "Reggio Emilia 0001"]
[Site "Reggio Emilia"]
[Date "2001.01.05"]
[Round "7"]
[White "Zaja, Ivan"]
[Black "Tomescu, Vlad"]
[Result "1-0"]
[WhiteElo "2513"]
[BlackElo "2432"]
[PlyCount "61"]
[EventDate "2000.12.30"]
[Source "ChessBase"]
[SourceDate "2001.03.20"]

1. d4 b5 2. e4 Bb7 3. Nd2 a6 4. a4 b4 5. c4 c5 6. d5 e5 7. g3 d6 8. Bg2 g6 9. Ne2 Bg7 10. O-O Ne7 11. f4 Nd7 12. Nf3 Qc7 13. Bh3 a5 14. Bxd7+ Qxd7 15. fxe5 dxe5 16. Be3 Ba6 17. b3 Qd6 18. Nc1 Rc8 19. Nd3 O-O 20. Qd2 Nf5 21. exf5 e4 22. Bf4 Qb6 23. Be5 exd3 24. Qxd3 Rce8 25. Bxg7 Kxg7 26. Nh4 g5 27. f6+ Kh8 28. Rf5 Bc8 29. Nf3 Rg8 30. Ne5 Rgf8 31. Re1 1-0

[Event "Cesenatico op"]
[Site "Cesenatico"]
[Date "2000.09.09"]
[Round "8"]
[White "Grigore, George"]
[Black "Tomescu, Vlad"]
[Result "1/2-1/2"]
[WhiteElo "2508"]
[BlackElo "2432"]
[PlyCount "103"]
[EventDate "2000.09.03"]
[Source "ChessBase"]
[SourceDate "2000.11.10"]

1. d4 b5 2. e4 a6 3. Bd3 Bb7 4. Nf3 e6 5. Qe2 c5 6. dxc5 Bxc5 7. Nbd2 Nc6 8. O-O Nb4 9. a3 Nxd3 10. cxd3 Ne7 11. b4 Bb6 12. Nb3 O-O 13. Be3 Nc6 14. Nbd4 Nxd4 15. Bxd4 Bxd4 16. Nxd4 Qb6 17. Nb3 Rfc8 18. Rac1 d6 19. Qb2 Rxc1 20. Rxc1 Rc8 21. Na5 Rc7 22. h3 Bc8 23. d4 Bb7 24. Re1 Bc8 25. Qd2 Bd7 26. Re3 Rc8 27. Rc3 Rxc3 28. Qxc3 Kf8 29. e5 f6 30. Qd2 Ke7 31. Qd3 Kf7 32. Qe4 h6 33. h4 Qc7 34. exf6 Kxf6 35. Qf4+ Ke7 36. Kh2 Bc8 37. Qg3 Kf8 38. Nb3 Bb7 39. Nc5 Bd5 40. Nd3 Qe7 41. Nf4 Be4 42. Nh5 Kg8 43. Qf4 Bg6 44. Ng3 Qf8 45. Qe3 Qf6 46. h5 Bf7 47. Kg1 e5 48. dxe5 Qxe5 49. Qb6 Bxh5 50. Nxh5 Qxh5 51. Qxd6 Kh7 52. Qxa6 1/2-1/2

[Event "22nd SEA Games Standard"]
[Site "Ho Chi Minh City"]
[Date "2003.12.10"]
[Round "4"]
[White "Wu Shaobin"]
[Black "Liu Dede"]
[Result "1-0"]
[WhiteElo "2528"]
[BlackElo "2406"]
[PlyCount "41"]
[EventDate "2003.12.08"]
[Source "Roberto Alvarez"]
[SourceDate "2003.12.15"]

1. d4 b5 2. e4 a6 3. Bd3 d6 4. a4 b4 5. Nf3 g6 6. O-O Bg7 7. a5 c5 8. dxc5 dxc5 9. Nbd2 Nf6 10. Nc4 O-O 11. e5 Nfd7 12. e6 fxe6 13. Qe2 e5 14. Nfxe5 Nxe5 15. Nxe5 e6 16. Re1 Bb7 17. Nxg6 hxg6 18. Qxe6+ Rf7 19. Qxg6 Nd7 20. Qh7+ Kf8 21. Bh6 1-0

[Event "Dubna"]
[Site "Dubna"]
[Date "1979.??.??"]
[Round "?"]
[White "Ungureanu, Emil"]
[Black "Sahovic, Dragutin"]
[Result "0-1"]
[WhiteElo "2405"]
[BlackElo "2520"]
[PlyCount "80"]
[EventDate "1979.??.??"]
[Source "www.chesslib.no"]
[SourceDate "2004.05.04"]

1. d4 b5 2. e4 Bb7 3. Nd2 a6 4. Bd3 e6 5. Ne2 c5 6. c3 cxd4 7. cxd4 Nc6 8. O-O d6 9. a3 Nf6 10. b4 Be7 11. Bb2 O-O 12. Ng3 g6 13. Qe2 Nd7 14. f4 Qb6 15. Qf2 e5 16. Ne2 exd4 17. Nf3 Bf6 18. Nexd4 Nxd4 19. Nxd4 Bg7 20. Rae1 Rae8 21. h3 Nf6 22. e5 dxe5 23. fxe5 Nd7 24. Nf3 Qxf2+ 25. Rxf2 Bxf3 26. Rxf3 Nxe5 27. Bxe5 Bxe5 28. a4 Bd4+ 29. Kf1 Rxe1+ 30. Kxe1 Bc3+ 31. Kd1 bxa4 32. Bxg6 hxg6 33. Rxc3 Rd8+ 34. Ke2 Rd4 35. Rc6 a5 36. Ra6 Rd5 37. bxa5 a3 38. Rc6 Rxa5 39. Rc1 a2 40. Ra1 Kg7 0-1

[Event "Borsodtavho"]
[Site "Borsodtavho"]
[Date "1991.??.??"]
[Round "9"]
[White "Horvath, Jozsef"]
[Black "Varga, Zoltan"]
[Result "1/2-1/2"]
[WhiteElo "2540"]
[BlackElo "2370"]
[PlyCount "52"]
[EventDate "1991.05.??"]
[Source "ChessBase"]

1. d4 b5 2. e4 Bb7 3. Bd3 a6 4. Nf3 Nf6 5. Qe2 e6 6. O-O c5 7. c3 d5 8. e5 Nfd7 9. dxc5 Bxc5 10. Nbd2 Nc6 11. Nb3 Be7 12. Nbd4 Na5 13. Bc2 Qc7 14. Re1 Nc4 15. a3 g6 16. Ra2 Bf8 17. a4 bxa4 18. Bxa4 Ncb6 19. Bc2 Bg7 20. Bf4 Qc4 21. Raa1 Qxe2 22. Rxe2 O-O 23. Nb3 Bc6 24. Na5 Bb5 25. Ree1 Rab8 26. Bg3 Nc4 1/2-1/2

[Event "It Open"]
[Site "San Sebastian ESP"]
[Date "1995.??.??"]
[Round "1"]
[White "Kosten, Anthony C"]
[Black "Tate, Emory A"]
[Result "1-0"]
[WhiteElo "2540"]
[BlackElo "2370"]
[PlyCount "69"]
[EventDate "1995.??.??"]
[Source "www.chesslib.no"]
[SourceDate "2004.05.04"]

1. d4 b5 2. e4 a6 3. c4 e5 4. dxe5 Bb7 5. cxb5 Bxe4 6. Nc3 Bb4 7. Bd2 Bg6 8. Nf3 Ne7 9. Qb3 Ba5 10. Be2 O-O 11. O-O axb5 12. Bxb5 Nbc6 13. Bg5 Bxc3 14. Qxc3 Qc8 15. Rfd1 Qb7 16. Bxc6 Nxc6 17. Rxd7 Bf5 18. Rd2 Be4 19. a3 h6 20. Bf4 g5 21. Bg3 Ne7 22. Rad1 Nd5 23. Qd4 Bxf3 24. gxf3 c6 25. h4 Qe7 26. hxg5 hxg5 27. Qg4 f6 28. exf6 Qxf6 29. Re2 Rae8 30. Rde1 Rxe2 31. Rxe2 Kf7 32. Re5 Ne7 33. Rxg5 Ke8 34. Re5 Rg8 35. Qxg8+ 1-0

[Event "Moscow RUS"]
[Site "?"]
[Date "1999.??.??"]
[Round "6"]
[White "Popov Roman"]
[Black "Korotylev Alexey"]
[Result "0-1"]
[WhiteElo "2470"]
[BlackElo "2440"]
[PlyCount "118"]
[EventDate "1999.??.??"]
[Source "www.chesslib.no"]
[SourceDate "2004.05.04"]

1. d4 b5 2. a4 b4 3. e4 e6 4. Nf3 Bb7 5. Bd3 c5 6. O-O cxd4 7. Nxd4 Nc6 8. Be3 Nf6 9. Nd2 Be7 10. Kh1 h5 11. N4b3 Ng4 12. Bf4 g5 13. Bg3 Nce5 14. Nc4 Nxc4 15. Bxc4 h4 16. Qxg4 hxg3 17. fxg3 Qc7 18. Bd3 Qe5 19. Nd2 Qxb2 20. a5 Qg7 21. Nf3 a6 22. e5 Rc8 23. Rae1 Qh6 24. h3 Qh5 25. Qxh5 Rxh5 26. g4 Rh8 27. Kh2 Rc5 28. Rb1 Rxa5 29. Ra1 Ra3 30. Rxa3 bxa3 31. Rb1 Bxf3 32. gxf3 Bc5 33. Bxa6 Bd4 34. Bc4 Bxe5+ 35. Kg2 Ke7 36. Rb5 d5 37. Ba2 Rc8 38. c4 Bd6 39. Rb7+ Kf8 40. Rb6 Be7 41. Rb3 dxc4 42. Rc3 Rb8 43. Rc2 Bf6 44. Kf2 Rb3 45. Rd2 Ke7 46. Ke2 Be5 47. Kf2 Rb4 48. Ke2 c3 49. Rc2 Rb8 50. Kf2 Kd6 51. Ke3 Rh8 52. Bb1 Rxh3 53. Ra2 Bf4+ 54. Ke4 Rh1 55. Bc2 Rh2 56. Kd3 Bc1 57. Kxc3 Bb2+ 58. Kb3 Ke5 59. Be4 Kf4 0-1